000 00920nam a2200253Ia 4500
003 OSt
005 20220923222656.0
006 a|||||r|||| 00| 0
007 ta
008 220922b |||||||| |||| 00| 0 hin d
024 _a207,002
037 _cTextual
040 _aARTS
_cARTS
_bhin
041 _2hin
_ahin
082 _aO152,6N29x, N2
100 _aसिंह, रमेशचंद्र; शंभुनाथ, संपा.
_9167181
245 0 _aराजनीति और साहित्य
246 _aRājanīti aur sāhitya
260 _aकलकत्ता
_b बालमुकन्द मक्कर रोड़
_c1992
300 _a206पृ.
_ccm.
650 _aहिन्दी साहित्य
_9156264
942 _hO152,6N29x, N2
_cTEXL
_2CC
999 _c357622
_d357622